000 01912cam a22004934i 4500
003 PE-LiUPU
005 20250731173359.0
008 150706s r 000 0 d
020 _a9780825417863
035 _a(Sirsi) i9780825417863
040 _aPE-LiUPU
_bspa
_cPE-LiUPU
_erda
049 _aPRUA
082 0 4 _a263.9722
_bR84
_221
100 1 _aRosen, Ceil.,
_eautor.
245 1 0 _aCristo en la pascua /
_cCeil y Moishe Rosen.
264 1 _aMichigan :
_bEditorial Portavoz,
_c2009.
300 _a160 páginas :
_bilustraciones ;
_c22 centímetros
336 _atext
_2rdacontent
337 _aunmediated
_2rdamedia
338 _avolume
_2rdacarrier
504 _aIncluye notas bibliográficas.
505 0 _a¿Por qué la Pascua? -La Pascua original -- La lección objetiva de Dios -- Antiguas observancias de la pascua -- La pascua en los tiempos de Cristo -- El antiguo seder y la última cena -- Preparándose para la Pascua contemporánea -- El seder moderno -- La quinta pregunta -- Venid a la fiesta.
526 _aSEG42
526 _aSEG41
526 _aSEG40
526 _aSEG39
526 _aP94
526 _aP87
526 _aP86
526 _aP85
526 _aP77
526 _aP76
526 _aP35
541 _g001-0000499;
600 1 _aJesucristo
_xPasión
650 0 4 _aPascua.
700 1 _aRosen, Moishe.
910 _agl
_bjck
_d20101228
942 _2ddc
_cBOOK
949 _a263.9722 R84
_wDEWEY
_c1
_i62470
_lCCODEBUL1
_mBUL
_p28.00
_r0
_sY
_tBOOK
_u2015-7-6
_xTEOLOGIA
_PP35
_0COMPRA
_o.STAFF. Colección General
994 _aC0
_bPEPRU
596 _a1
999 _a263.9722 R84
_wDEWEY
_c51530
_i62470
_d51530
_e2019-5-21
_f2021-11-10
_g5
_lCCODEBUL1
_mBUL
_n1
_p28.00
_r0
_sY
_tBOOK
_u2015-7-6
_xTEOLOGIA
_PP35
_0COMPRA
_o.STAFF. Colección General
980 _81
_gALBERTO SANCHEZ Responsable de Automatización